| Tag |
First Indicator |
Second Indicator |
Subfields |
| LEADER |
00000uam a2200000 a 4500 |
| 001 |
in00004260921 |
| 005 |
20260122202301.4 |
| 006 |
m o d |
| 007 |
cr cn |
| 008 |
130613s2007 xx o eng |
| 020 |
|
|
|z 9781590595244
|
| 020 |
|
|
|z 9781430202141
|
| 035 |
|
|
|a (CaSebORM)9781590595244
|
| 040 |
|
|
|d UtOrBLW
|
| 041 |
0 |
|
|a eng
|
| 100 |
1 |
|
|a Dyke, Julian,
|e author.
|
| 245 |
1 |
0 |
|a Pro Ora cle Database 10g RAC on Linux Installation, Administration, and Performance /
|c Dyke, Julian.
|
| 250 |
|
|
|a 1st edition.
|
| 264 |
|
1 |
|b Apress,
|c 2007.
|
| 300 |
|
|
|a 1 online resource (823 pages)
|
| 336 |
|
|
|a text
|b txt
|2 rdacontent
|
| 337 |
|
|
|a computer
|b c
|2 rdamedia
|
| 338 |
|
|
|a online resource
|b cr
|2 rdacarrier
|
| 347 |
|
|
|a text file
|
| 520 |
|
|
|a Real Application Clusters (RAC) and the Grid architecture are Oracle's strategy for scaling out enterprise systems to cope with bigger workloads and more users. Many books limit themselves by conceptualizing and theorizing about RAC technology, but this book is the first to portray implementing and administering an Oracle 10 g RAC system in a Linux environment. This book features basic concepts underlying Linux and Oracle RAC, design strategies, hardware procurement and configuration, and many other topics. The RAC-specific technologies described include configuration of the interconnect, OCFS, ASM, Cluster Ready Services, and Grid Control. The Oracle features RMAN and Data Guard are also discussed, along with available hardware options. The authors include practical examples and configuration information, so that upon reading this book, you'll be armed with the information you need to build an Oracle RAC database on Linux, whether it is on a single laptop or a 64-node Itanium cluster.
|
| 533 |
|
|
|a Electronic reproduction.
|b Boston, MA :
|c Safari,
|n Available via World Wide Web.
|d 2006.
|
| 538 |
|
|
|a Mode of access: World Wide Web.
|
| 542 |
|
|
|f Copyright © 2006 by Julian Dyke and Steve Shaw
|g 2006
|
| 588 |
|
|
|a Online resource; Title from title page (viewed March 21, 2007)
|
| 500 |
|
|
|a Electronic resource.
|
| 655 |
|
7 |
|a Electronic books.
|2 local
|
| 700 |
1 |
|
|a Shaw, Steve,
|e author.
|
| 710 |
2 |
|
|a Safari, an O'Reilly Media Company.
|
| 856 |
4 |
0 |
|u https://proxy.library.tamu.edu/login?url=https://go.oreilly.com/TAMU/library/view/-/9781590595244/?ar
|z Connect to this electronic resource
|t 0
|
| 999 |
f |
f |
|s 6e9c2a58-b1ae-3afe-9518-13dbf18e5555
|i 06e30bad-cbb4-33e5-aaed-cbd75d6fbbf6
|t 0
|
| 952 |
f |
f |
|a Texas A&M University
|b College Station
|c Electronic Resources
|s www_evans
|d Available Online
|t 0
|h No information provided
|
| 998 |
f |
f |
|t 0
|l Available Online
|